000 01693nam0a2200361 4500
001 RU\NLR\BIBL_A\022627000
005 20251215163546.0
010 _a978-5-6050123-7-5
_92000
021 _aRU
_bКН-П-25-046254
_9КН-П-25-4489
035 _a(NLR Aleph) 022627000
090 _a13504766
_c13504766
100 _a20250922d2024 m y0rusy50 ca
101 1 _arus
_ceng
102 _aRU
105 _aac z 001yy
181 0 _ai3
_baxxe
182 0 _an
200 1 _aТретий полюс
_eтайна, одержимость и смерть на Эвересте
_fМарк Синнот
_gперевод с английского М. Моисеенковой
203 _aТекст
_bвизуальный
_cнепосредственный
210 _aМосква
_cБиблиотека Спорт-Марафон
_d2024
215 _a423, [1] c., [8] л. ил., цв. ил.
_cил.
_d21
300 _aЗагл. и авт. ориг.: The third pole / Mark Synnott
320 _aАлф. указ. в конце кн.
454 0 _12001#$aThe third pole
_1700#1$aSynnott$bM.$gMark
600 1 _aСиннот
_bМ.
_gМарк
_jВоспоминания, записки и т.п
_2nlr_sh2
_3RU\NLR\AUTH\6601763611
607 _aДжомолунгма, гора (Гималаи, горная система)
_xВосхождения
_jВоспоминания, записки и т.п
_2nlr_sh1
_2nlr_sh2
_3RU\NLR\AUTH\6631437
686 1 _aЧ518.23(7США)6-8Синнот
686 1 _aЧ518.215Джомолунгма
700 1 _aСиннот
_bМ.
_gМарк
_3RU\NLR\AUTH\770261231
942 _cBOOK
980 _aNB